Riadenie regálového zakladača a komunikácia s riadením dopravného systému vlakov

Na minha lista:
Detalhes bibliográficos
Autor principal: Gálffy, Gabriel, 1986- (Author)
Outros Autores: Körösi, Ladislav, 1977- (Thesis advisor)
Formato: Manuscrito Livro
Idioma:eslovaco
Publicado em: Bratislava : STU v Bratislave FEI, 2010
Assuntos:
Acesso em linha:VAIS
Tags: Adicionar Tag
Sem tags, seja o primeiro a adicionar uma tag!

MARC

LEADER 00000ntm a22000003a 4500
001 stu209107
005 20150617230101.6
008 100818s2010------------------------slo-d
040 |a STU  |b slo 
041 0 |a slo 
100 1 |a Gálffy, Gabriel,  |d 1986-  |4 aut  |u E  |T FEI Fakulta elektrotechniky a informatiky  |X 16502  |U E  |Y 30  |7 A000016502 
242 0 0 |a Controlling of a storage warehouse and securing of communication with a train transport system  |y eng 
245 1 |a Riadenie regálového zakladača a komunikácia s riadením dopravného systému vlakov 
260 |a Bratislava :  |b STU v Bratislave FEI,  |c 2010 
300 |a 95 s 
650 7 |a Simatic  |2 estusub 
650 7 |a PLC  |2 stusub 
650 7 |a Simatic  |2 estusub 
650 7 |a PLC  |2 stusub 
650 7 |a automatizácia  |2 stusub 
650 7 |a robotika  |2 stusub 
650 7 |a regálový zakladač  |2 stusub 
650 7 |a dopravné systémy  |2 stusub 
700 1 |a Körösi, Ladislav,  |d 1977-  |4 ths  |u E011  |U FEI Fakulta elektrotechniky a informatiky  |T FEI Ústav robotiky a kybernetiky  |X 4960  |U E011  |Y 356  |7 A000004960 
856 4 |a info a plný text  |u http://is.stuba.sk/zp/portal_zp.pl?podrobnosti=60246  |3 VAIS